000 00885cam a2200217 a 4500
005 20160420152440.0
008 980312s1992 ck r 00010 spa d
040 _ala
_cla
_dCO-BoIAVH
041 0 _aspa
044 _ack
082 0 4 _a333.72
_bG89g
245 0 0 _aGuía para la gestión ambiental municipal /
_ccoordinación técnica Luis Eduardo Parra ; asesoría general Emilio Latorre ; grupo interdisciplinario Jaime Quijano ... [et al.].
260 _a[Villa de Leyva?] :
_bColegio Verde de Villa de Leyva,
_c1992.
300 _a52 páginas :
_bilustraciones ;
_c28 x 21 centímetros
500 _aIncluye glosario.
500 _aIncluye índice.
650 1 6 _aControl ambiental
_z Colombia
_v Guías, manuales, etc.
650 2 6 _aGestión ambiental
_z Colombia.
650 2 4 _aProtección del medio ambiente
_v Guías manuales, etc.
942 _2ddc
_cLIBRO
999 _c241
_d241